000 00940nam a2200229Ii 4500
003 JO-AjNU
008 230605s9999||||xx |||||||||||||| ||und||
017 _a1979/3849
040 _aJO-AjNU
_bara
_erda
_cJO-AjNU
041 _aara
050 1 4 _aHT609 .B6212 1979
100 3 _aتاليف: بوتومور ؛ ترجمة وتقديم: محمد الجوهري، علياء شكري، محمد علي محمد، السيد محمد الحسيني,
_eauthor
_916741
245 0 0 _aالطبقات في المجتمع الحديث
250 _aط2
264 3 1 _aالقاهرة: دار الكتاب للتوزيع،1979
300 _a159ص
_bيحتوي على ببلوغرافية من 149-159ص
336 _atext
_btxt
_2rdacontent
337 _aunmediated
_bn
_2rdamedia
338 _avolume
_bnc
_2rdacarrier
490 0 _aسلسلة علم الاجتماع المعاصر ؛ 7 
650 4 _a الطبقات الاجتماعية 
_916742
999 _aA5029
_c8597
_d8597